Mons. Josemaría Escrivá de Balaguer: apuntes sobre la vida del fundador del OPUS DEI
Guardat en:
| Autor principal: | |
|---|---|
| Format: | Llibre |
| Idioma: | espanyol |
| Publicat: |
Madrid
Rialp S. A
1976
|
| Edició: | 1a. ed |
| Matèries: | |
| Etiquetes: |
Afegir etiqueta
Sense etiquetes, Sigues el primer a etiquetar aquest registre!
|
MARC
| LEADER | 00000cam a2200000 a 4500 | ||
|---|---|---|---|
| 001 | UCD4700 | ||
| 003 | CL-VaPUC | ||
| 008 | 160717e19760000sp |||||||||||||||||spa|d | ||
| 020 | |a 8432118850 | ||
| 082 | 0 | 4 | |a 267.182 |b BER |2 21 |
| 100 | 0 | |a Bernal, Salvador |e author |9 588420 | |
| 245 | 1 | 0 | |a Mons. Josemaría Escrivá de Balaguer: apuntes sobre la vida del fundador del OPUS DEI |
| 250 | |a 1a. ed | ||
| 300 | |a 323 p | ||
| 942 | |c BK | ||
| 945 | |d 20160717 19:54:00 |a dcastane | ||
| 260 | |a Madrid |b Rialp S. A |c 1976 | ||
| 600 | 0 | |a Escrivá de Balaguer, José María |9 464213 | |
| 650 | 0 | |a Opus dei |9 318612 | |
| 650 | 0 | |a Catolicismo |9 258690 | |
| 583 | |a last modification |c 20160717 19:54:00 |k Rodrigo Vera | ||
| 999 | |c 365553 |d 365551 | ||
| 952 | |0 0 |1 0 |3 erb |4 0 |6 267_182000000000000_BER_1976 |7 0 |8 A |9 479436 |a FDOHBE |b FDOHBE |e Huesbe Llanos, Marco Antonio, 1934- |i 5308224 |o 267.182 BER 1976 |p 5308224 |r 2024-01-30 |w 2019-11-24 |y BK |z Catalogado en:20160717 |k HBE | ||